000 00828nam a2200217Ia 4500
999 _c53625
_d53625
001 20672
003 GE_BSU
005 20210301195028.0
008 181216s1981||||ge |||||||||||||| ||geo||
040 _cGE_BSU
041 _ageo
080 _a165 შ-96
100 _aშუშანაშვილი, გიორგი
_910279
245 _aშემეცნების თეორია /
_cგიორგი შუშანაშვილი ; რედ. გ. მაჩიტაძე.
264 _aთბილისი :
_bმეცნიერება,
_c1981.
300 _a54 გვ. ;
_c21 სმ.
653 _aფილოსოფია
653 _aშემეცნების თეორია
700 _aმაჩიტაძე, გ.
_eრედაქტორი
_910280
942 _cBK
_2udc